| 000 | 00957nam a22002537a 4500 | ||
|---|---|---|---|
| 999 |
_c5758 _d5758 |
||
| 003 | AR-CdUCM | ||
| 008 | 190313b ||||| |||| 00| 0 spa d | ||
| 040 |
_aMUNICIPALIDAD PROVINCIAL DEL CUSCO _cBIBLIOTECA MUNICIPAL DEL CUSCO |
||
| 041 | _heng | ||
| 082 |
_a328.1 / _bR71 |
||
| 100 |
_aRobert, Henry M. _917128 |
||
| 245 | _aReglas de orden (revisadas) de Robert / | ||
| 260 |
_aMéxiso D. F. : _bUTEHA, _c1964. |
||
| 300 |
_aXXIX, 260 páginas ; _c17 cm. |
||
| 440 |
_aManuales Uteha. _n201/201a _917129 |
||
| 440 |
_aCiencias Sociales sección. _n14 _910942 |
||
| 505 | _aContenido: Cómo se dirigen los negocios en las asambleas deliberantes -- Clasificación general de las mociones -- Mociones privilegiadas -- Mociones incidentales -- Mociones subsidiarias ... | ||
| 650 |
_aMociones _917130 |
||
| 650 |
_aAsambleas _917131 |
||
| 650 |
_aDebates _98769 |
||
| 700 |
_aPalomar, Carlos (traducción) _917132 |
||
| 942 |
_2ddc _cLIBROS |
||
| 945 | _aachl | ||